000 00637nam a2200229Ia 4500
003 OSt
005 20220923230055.0
006 a|||||r|||| 00| 0
007 ta
008 Pun
024 _a277,170
037 _cTextual
040 _aARTS
_cARTS
_bPun
041 _2Pun
_aPun
082 _aO153,3N171,DD, K0
100 _aਨਰੂਲਾ, ਸੁਰਿੰਦਰ ਸਿੰਘ
_9156370
245 0 _aਦਿਲ ਦਰਿਆ
260 _c1960
650 _aਪੰਜਾਬੀ ਸਾਹਿਤ
942 _hO153,3N171,DD, K0
_cTEXL
_2CC
999 _c382293
_d382293